000 00627nam a2200229Ia 4500
003 GCL
008 140319s9999 xx 000 0 eng d
020 _a1857150341
040 _aGCL /
_cGCL
082 0 4 _a821
_bB P
100 1 _aBLAKE, WILLIAM
245 1 0 _aPOEMS AND PROPHECIES /
_cBLAKE, WILLIAM
700 1 _aRAINE, KATHLEEN
260 _aانجلترا :
_bEVERYMAN'S LIBRARY ،
_c1991
300 _a21 CM ؛
_cIXXIII, 479 P
490 _aTHE MILLENNIUM LIBRARY
_v34
650 0 4 _aENGLISH POETRY
650 0 4 _aENGLISH LITERATURE
650 0 4 _aLITERATURE
650 0 4 _aRELIGOUS POETRY, ENGLISH
942 _2ddc
_cBK
999 _c5630
_d5630